00381nam a2200157Ia 4500008004100000041000800041082001700049100001900066245002700085250001200112260003500124300000800159365001500167500000700182700003400189230612s9999 xx 000 0 und d aeng a005.13'3 KER aKernighan B.W. aC Programming Language a2nd Ed. c1988bPHI Learning Publication a272 cRs.b82.00 aD. aKernighan B.W. & Ritchie D.M.